zpět

Detail výsledku týmu

U Pošty - Vinohrady ČT, Praha

Datum a čas kvízu

24.5 Celkem bodů Celkový počet nahraných bodů na tomto kvízu bez doplňovacích otázek.
5. Pořadí na kvízu Konečné umístění týmu na tomto kvízu.

Zaznamenané odpovědi

# Otázka Odpověď Body Výsledky
1. Minulý týden roztálo sněhové p... Mapa republiky 1
2. V pátek byl v italských Benátk... Mojžíš 1
3. V pondělí zemřel hudební sklad... 91 let 0
4. Ve středu oslavil jeden význam... Ryanair 0
5. Hokejová NHL představila svůj... Toronto, Edmonton 0.5
6. Různé návykové látky jsou užív... zelená, peprmintka 1
7. Užívání tabákových výrobků je... polevím z vysokejch otáček 1
8. Vhodné kultivary konopí jsou p... pazdeří 0
9. Znáte nebo dokážete odvodit ná... Heroin 0
10. Kokain byl poprvé izolován v r... Medellín 1